| Поле | Название | Значение |
| |
Тип записи |
a |
| |
Библиографический уровень |
c |
| 001 |
Контрольный номер |
IZD\AZBUKA-М\2007\Т08204 |
| 005 |
Дата корректировки |
20230324111912.1 |
| 010 |
Индекс ISBN |
__ |
| a |
ISBN |
978-5-9985-0694-9 |
| d |
Цена |
211-00 |
| 100 |
Данные общей обработки |
__ |
| a |
Данные общей обработки |
19100125d2010 |||y0rusy0189 ca |
| 101 |
Язык документа |
0_ |
| a |
Язык текста |
rus |
| 102 |
Страна публикации |
__ |
| a |
Страна публикации |
RU |
| 105 |
Кодированные данные (монография) |
__ |
| a |
Кодированные данные (монография) |
y |||||||zy |
| 200 |
Заглавие и сведения об ответственности |
1_ |
| a |
Заглавие |
Дуэль |
| e |
Сведения, относящиеся к заглавию |
[повести] |
| f |
Первые сведения об ответственности |
А. П. Чехов ; [сост. и вступ. ст. И. И. Сухих ; коммент. А. Д. Степанова] |
| b |
Общее обозначение материала |
Текст |
| 210 |
Выходные данные |
1_ |
| a |
Место издания |
СПб. |
| c |
Издательство |
Азбука-классика |
| d |
Дата издания |
2010 |
| 215 |
Физическое описание |
__ |
| a |
Объем |
571, [3] с. |
| 300 |
Общие примечания |
__ |
| a |
Общие примечания |
Коммент.: с. 539-572 |
| a |
Общие примечания |
К 150-летию со дня рождения А. П. Чехова |
| 327 |
Примечание о содержании |
0_ |
| a |
Примечание о содержании |
Огни |
| 327 |
Примечание о содержании |
0_ |
| a |
Примечание о содержании |
Скучная история : из записок старого человека |
| 327 |
Примечание о содержании |
0_ |
| a |
Примечание о содержании |
Палата № 6 |
| 327 |
Примечание о содержании |
0_ |
| a |
Примечание о содержании |
Рассказ неизвестного человека |
| 327 |
Примечание о содержании |
0_ |
| a |
Примечание о содержании |
Черный монах |
| 327 |
Примечание о содержании |
0_ |
| a |
Примечание о содержании |
Дом с мезонином : рассказ художника |
| 327 |
Примечание о содержании |
0_ |
| a |
Примечание о содержании |
Моя жизнь : рассказ провинциала |
| 330 |
Аннотация |
__ |
| a |
Аннотация |
Вопрос о роли идеологии в произведениях Чехова возник давно. «Ну какой же Чехов мыслитель? — всерьез говорили многие критики. — Талантливый писатель, и больше ничего». Парадокс в том, что Чехов так или иначе воспроизводит практически все распространенные среди современников-интеллигентов формулы жизни: поздненародническую идею терроризма в «Рассказе неизвестного человека»; теорию «малых дел» в «Доме с мезонином»; близкую Толстому идею опрощения жизни «трудами рук своих» в «Моей жизни»; философию исключительной личности, вознесенной над толпой и работающей для ее блага, в "Черном монахе"; философию беспросветного пессимизма, "мировой скорби" в "Огнях"; такую же поверхностную позицию скептицизма в "Палате № 6"; мировоззрение мирного "сциентизма" в "Скучной истории" и агрессивного социал-дарвинизма в "Дуэли". |
| 600 |
Персоналии |
_1 |
| a |
Персоналии (Фамилия) |
Чехов, А. П. |
| g |
Полное имя |
Антон Павлович |
| 606 |
Тематические рубрики |
__ |
| a |
Основная рубрика |
Художественная литература |
| 606 |
Тематические рубрики |
__ |
| a |
Основная рубрика |
Русская литература XIX в. (произведения) |
| 610 |
Ключевые слова |
0_ |
| a |
Ключевые слова |
классическая литература; повести; писатели; персоналии |
| 686 |
Индексы других классификаций |
__ |
| a |
Классификационный индекс |
84(2=411.2)52-4; ст84(2Рос=Рус)1-4 |
| 700 |
Автор |
_1 |
| a |
Фамилия |
Чехов |
| b |
Имя |
А. П. |
| f |
Даты |
1860-1904 |
| g |
Полное личное имя |
Антон Павлович |
| 4 |
Код отношения |
070 |
| 702 |
Вторичная интеллектуальная ответственность |
_1 |
| a |
Фамилия |
Сухих |
| b |
Имя |
И. Н. |
| 4 |
Код отношения |
Составитель |
| 702 |
Вторичная интеллектуальная ответственность |
_1 |
| a |
Фамилия |
Степанов |
| b |
Имя |
А. Д. |
| 4 |
Код отношения |
Автор комментариев |
| 801 |
Источник записи |
_0 |
| a |
Страна |
RU |
| b |
Организация |
Муниципальное бюджетное учреждение культуры "Централизованная библиотечная система" г. Сургут (Центральная городская библиотека им. А. С. Пушкина) |
| c |
Дата составления |
20100125 |
| g |
Правила каталогизации |
КиК/Лукашук |
| 801 |
Источник записи |
_1 |
| a |
Страна |
RU |
| b |
Организация |
Муниципальное бюджетное учреждение культуры "Централизованная библиотечная система" г. Сургут (Центральная городская библиотека им. А. С. Пушкина) |
| c |
Дата составления |
20100125 |
| g |
Правила каталогизации |
КиК/Лукашук |
| 852 |
Данные о местонахождении |
__ |
| j |
Шифр хранения |
84(2=411.2)52-4 |
| c |
Каталожный индекс |
84(2Рос=Рус)1-4 |
| i |
Авторский знак |
Ч-56 |
| 901 |
Тип документа |
__ |
| t |
Тип документа |
x |
| 903 |
Характеристики (МАРС) |
__ |
| a |
Дата передачи |
20100721 |
| 969 |
Тип издания |
__ |
| a |
Тип издания |
сборник |
| 990 |
Данные о заказе (DOS) |
__ |
| j |
Количество экземпляров (DOS) |
1 |
| t |
N записи в КСУ для И/У (DOS) |
201008 |